Nur symbolisches Recht?: Auswirkungen eines Verbots von Gewalt in der Erziehung im internationalen Vergleich

Guardado en:  
Detalles Bibliográficos
Autor principal: Bussmann, Kai-Detlef 1955- (Autor)
Tipo de documento: Print Artículo
Lenguaje:Alemán
Publicado: 2013
En: Zeitschrift für Jugendkriminalrecht und Jugendhilfe
Año: 2013, Volumen: 24, Número: 2, Páginas: 120-128
Verificar disponibilidad: HBZ Gateway
Palabras clave:

MARC

LEADER 00000caa a2200000 c 4500
001 1634041151
003 DE-627
005 20220608095007.0
007 tu
008 130703s2013 xx ||||| 00| ||ger c
035 |a (DE-627)1634041151 
035 |a (DE-576)385332645 
035 |a (DE-599)BSZ385332645 
040 |a DE-627  |b ger  |c DE-627  |e rakwb 
041 |a ger 
100 1 |a Bussmann, Kai-Detlef  |d 1955-  |0 (DE-588)113017308  |0 (DE-627)524405514  |0 (DE-576)168469170  |4 aut 
109 |a Bussmann, Kai-Detlef 1955-  |a Bussmann, Kai-D. 1955- 
245 1 0 |a Nur symbolisches Recht?  |b Auswirkungen eines Verbots von Gewalt in der Erziehung im internationalen Vergleich  |c Kai-D. Bussmann 
264 1 |c 2013 
336 |a Text  |b txt  |2 rdacontent 
337 |a ohne Hilfsmittel zu benutzen  |b n  |2 rdamedia 
338 |a Band  |b nc  |2 rdacarrier 
773 0 8 |i In  |t Zeitschrift für Jugendkriminalrecht und Jugendhilfe  |d Hannover : DVJJ, 2003  |g 24(2013), 2, Seite 120-128  |w (DE-627)366922033  |w (DE-600)2114812-0  |w (DE-576)106575325  |x 1612-1864  |7 nnas 
773 1 8 |g volume:24  |g year:2013  |g number:2  |g pages:120-128 
951 |a AR 
ELC |b 1 
LOK |0 000 xxxxxcx a22 zn 4500 
LOK |0 001 3288510480 
LOK |0 003 DE-627 
LOK |0 004 1634041151 
LOK |0 005 20250822142652 
LOK |0 008 130703||||||||||||||||ger||||||| 
LOK |0 040   |a DE-21-110  |c DE-627  |d DE-21-110 
LOK |0 689   |a s  |a Erziehung 
LOK |0 689   |a s  |a Züchtigungsverbot 
LOK |0 689   |a s  |a Einstellungen 
LOK |0 689   |a s  |a Rechtsbewusstsein 
LOK |0 689   |a s  |a Internationaler Vergleich 
LOK |0 852   |a DE-21-110 
LOK |0 852 1  |m p  |9 00 
LOK |0 938   |k p 
LOK |0 939   |a 03-07-13  |b l01 
ORI |a SA-MARC-krimdoka001.raw